Statistiche per Paesi più Grandi della Colombia

Clicka qui per fare il quiz!

Statistiche generali

  • Questo quiz è stato fatto 44 volte
  • Il punteggio medio è 21 su 24

Statistiche sulle risposte

SuperficiePaese% Corretto
8,514,877Brasile
100%
9,596,961Cina
100%
17,098,242Russia
100%
2,381,741Algeria
95%
2,149,690Arabia Saudita
95%
2,780,400Argentina
95%
7,741,220Australia
95%
9,984,670Canada
95%
3,287,263India
95%
1,904,569Indonesia
95%
2,724,900Kazakistan
95%
1,564,116Mongolia
95%
9,826,675Stati Uniti
95%
1,759,540Libia
90%
1,964,375Messico
86%
1,285,216Perù
86%
2,344,858Rep. Dem. del Congo
86%
1,240,192Mali
81%
1,267,000Niger
81%
1,219,090Sudafrica
81%
1,648,195Iran
76%
1,246,700Angola
71%
1,861,484Sudan
71%
1,284,000Ciad
67%

Distribuzione punteggi

Percentile per numero di risposta

Percentuale di utenti per punteggio

I tuoi punteggi nel tempo

Non hai fatto questo quiz